| 000 | 00350nam a2200121Ia 4500 | ||
|---|---|---|---|
| 008 | 220204s9999 xx 000 0 und d | ||
| 082 |
_a31:634.1.055 _bPEA |
||
| 100 | _aPEARCE, S C | ||
| 245 | 0 | _aField experimentation with fruit trees and other perennial plants | |
| 260 |
_aEngland _bCAB _c1953 |
||
| 650 | _aTrees field experimentation | ||
| 942 | _cBK | ||
| 999 |
_c19565 _d19565 |
||